000 00288nam a22001337a 4500
008 181030b xxu||||| |||| 00| 0 eng d
020 _a9780205365296
041 _aeng
080 _a610
100 _a4
101 _ashm
245 _aResearch Methods
_cDudleg.J.R
942 _2udc
_cBK
999 _c51181
_d51181